000 00504nam a2200169 i 4500
001 40609
003 ES-MaACL
005 20230906160252.0
007 t|
008 030306s1971 sp ||||1| spa d
100 1 _aCarrel, Alexis.
_935609
245 1 2 _aL'home, un inconegut /
_cAlexis Carrel ; [traducció, Bonaventura Vallespinosa].
260 _aBarcelona :
_bArimany,
_c[1971]
300 _a210 p. ;
_c22 cm.
700 1 _aVallespinosa, Bonaventura.
_9112904
852 _aES-MaACL
_jC-47476
_bR.77516
999 _c40609
_d40609